[Event "Stay Safe Play From Home 305"]
[Site "Emanuel Lasker Arena"]
[Date "2020.07.15"]
[Round "3"]
[White "Bardellosport"]
[Black "Fischer_11"]
[Result "1-0"]
[WhiteElo "2029"]
[BlackElo "2023"]
[Annotator "NA RC"]
[PlyCount "125"]
[EventDate "2020.07.15"]
[EventType "swiss (blitz)"]

1. d4 {[%emt 0:00:01]} e5 {[%emt 0:00:01]} 2. e3 {[%emt 0:00:00]} exd4 {[%emt 0:00:01]} 3. exd4 {[%emt 0:00:00]} Nf6 {[%emt 0:00:00]} 4. c3 {[%emt 0:00:00]} g6 {[%emt 0:00:00]} 5. f4 {[%emt 0:00:00]} Bg7 {[%emt 0:00:00]} 6. Nf3 {[%emt 0:00:00]} O-O {[%emt 0:00:00]} 7. Bd3 {[%emt 0:00:00]} c5 {[%emt 0:00:00]} 8. Ne5 {[%emt 0:00:01]} cxd4 {[%emt 0:00:00]} 9. cxd4 {[%emt 0:00:01]} d6 {[%emt 0:00:00]} 10. Nf3 {[%emt 0:00:02]} Nc6 {[%emt 0:00:00]} 11. Be2 {[%emt 0:00:01]} Bg4 {[%emt 0:00:01]} 12. O-O {[%emt 0:00:01]} Qb6 {[%emt 0:00:02]} 13. Kh1 {[%emt 0:00:02]} Bxf3 {[%emt 0:00:03]} 14. Bxf3 {[%emt 0:00:01]} Qxd4 {[%emt 0:00:00]} 15. Qxd4 {[%emt 0:00:01]} Nxd4 {[%emt 0:00:01]} 16. Nc3 {[%emt 0:00:01]} Nxf3 {[%emt 0:00:01]} 17. gxf3 {[%emt 0:00:00]} d5 {[%emt 0:00:04]} 18. Be3 {[%emt 0:00:02]} Rfe8 {[%emt 0:00:02]} 19. Bd4 {[%emt 0:00:01]} a6 {[%emt 0:00:01]} 20. Rad1 {[%emt 0:00:00]} Rad8 {[%emt 0:00:02]} 21. Bxf6 {[%emt 0:00:01]} Bxf6 {[%emt 0:00:00]} 22. Nxd5 {[%emt 0:00:01]} Bxb2 {[%emt 0:00:03]} 23. Rb1 {[%emt 0:00:04]} Rxd5 {[%emt 0:00:02]} 24. Rxb2 {[%emt 0:00:01]} b5 {[%emt 0:00:00]} 25. Rb4 {[%emt 0:00:01]} Re3 {[%emt 0:00:01]} 26. Kg2 {[%emt 0:00:01]} Rd2+ {[%emt 0:00:02]} 27. Rf2 {[%emt 0:00:01]} Ree2 {[%emt 0:00:02]} 28. Rxe2 {[%emt 0:00:01]} Rxe2+ {[%emt 0:00:01]} 29. Kg3 {[%emt 0:00:00]} Rxa2 {[%emt 0:00:01]} 30. f5 {[%emt 0:00:01]} Kg7 {[%emt 0:00:01]} 31. Kf4 {[%emt 0:00:01]} Rxh2 {[%emt 0:00:02]} 32. Kg3 {[%emt 0:00:01]} Ra2 {[%emt 0:00:01]} 33. Rd4 {[%emt 0:00:00]} Ra4 {[%emt 0:00:02]} 34. Rd6 {[%emt 0:00:02]} gxf5 {[%emt 0:00:01]} 35. f4 {[%emt 0:00:01]} h6 {[%emt 0:00:02]} 36. Kh4 {[%emt 0:00:01]} b4 {[%emt 0:00:00]} 37. Rb6 {[%emt 0:00:02]} a5 {[%emt 0:00:01]} 38. Kg3 {[%emt 0:00:00]} Ra3+ {[%emt 0:00:01]} 39. Kf2 {[%emt 0:00:01]} b3 {[%emt 0:00:01]} 40. Ke3 {[%emt 0:00:01]} a4 {[%emt 0:00:00]} 41. Kd2 {[%emt 0:00:00]} Ra2+ {[%emt 0:00:00]} 42. Kc1 {[%emt 0:00:00]} Rf2 {[%emt 0:00:04]} 43. Rb4 {[%emt 0:00:01]} h5 {[%emt 0:00:01]} 44. Rxa4 {[%emt 0:00:01]} h4 {[%emt 0:00:00]} 45. Ra3 {[%emt 0:00:01]} b2+ {[%emt 0:00:00]} 46. Kb1 {[%emt 0:00:01]} Kg6 {[%emt 0:00:03]} 47. Rh3 {[%emt 0:00:00]} Kh5 {[%emt 0:00:01]} 48. Rc3 {[%emt 0:00:01]} Kg4 {[%emt 0:00:00]} 49. Rc8 {[%emt 0:00:00]} h3 {[%emt 0:00:01]} 50. Rh8 {[%emt 0:00:01]} h2 {[%emt 0:00:00]} 51. Rg8+ {[%emt 0:00:01]} Kxf4 {[%emt 0:00:01]} 52. Rh8 {[%emt 0:00:01]} Kg3 {[%emt 0:00:00]} 53. Rg8+ {[%emt 0:00:01]} Kf3 {[%emt 0:00:00]} 54. Rh8 {[%emt 0:00:01]} Rg2 {[%emt 0:00:00]} 55. Rh3+ {[%emt 0:00:01]} Kf2 {[%emt 0:00:01]} 56. Rh8 {[%emt 0:00:00]} Rg1+ {[%emt 0:00:00]} 57. Kxb2 {[%emt 0:00:01]} h1=Q {[%emt 0:00:00]} 58. Rd8 {[%emt 0:00:01]} Kf3 {[%emt 0:00:01]} 59. Rd3+ {[%emt 0:00:01]} Kf4 {[%emt 0:00:00]} 60. Kc3 {[%emt 0:00:00]} Qg2 {[%emt 0:00:00]} 61. Rd4+ {[%emt 0:00:00]} Kg5 {[%emt 0:00:01]} 62. Kc4 {[%emt 0:00:00]} Qg3 {[%emt 0:00:00]} 63. Rd5 {[%emt 0:00:00] Zeit (Lag: Av=0.30s, max=0.8s)} 1-0

[Event "Stay Safe Play From Home 305"]
[Site "Emanuel Lasker Arena"]
[Date "2020.07.15"]
[Round "3"]
[White "NeatFox"]
[Black "TheCHESSHOUSE"]
[Result "0-1"]
[WhiteElo "1830"]
[BlackElo "2028"]
[Annotator "TA"]
[PlyCount "80"]
[EventDate "2020.07.15"]
[EventType "swiss (blitz)"]

{[%evp 9,80,-102,11,18,8,14,22,0,0,-46,100,-89,0,-68,0,-302,16,0,20,31,60,-62,-57,-62,-55,-47,-50,-77,-59,-135,-42,-69,-68,-47,-31,-76,-56,-57,-45,-141,-53,-97,-93,-102,-15,-24,70,0,0,0,91,40,85,0,0,-714,-734,-725,-715,-758,-733,-762,-758,-785,-464,-431,33,33,33,34,76,-51,-51]} 1. g4 d5 2. Bg2 c6 3. c4 Bxg4 4. cxd5 cxd5 5. Qb3 Be6 (5... Nf6 $1 $17 6. Qxb7 Nbd7) 6. Qxb7 $11 {A00: Irregular Openings.} Nd7 7. Nc3 {[#]} Ngf6 $146 ({Predecessor:} 7... Rb8 8. Qxa7 Ngf6 9. a4 Ra8 10. Qb7 Rb8 11. Qa7 Ra8 12. Qb7 Rb8 13. Qa6 Ra8 {1-0 (40) Kazaniecki,P (1650)-Urban,J (1495) Poland 2017}) 8. Nb5 {Strongly threatening Nc7+.The position is equal.} ({But not} 8. Bxd5 $2 Rb8 $19) (8. Nxd5 Nxd5 9. Bxd5 Rb8 $15) 8... Rc8 9. Qxa7 Nc5 (9... Nb8 $15 {stays ahead.}) 10. Nc3 $2 {[#]} (10. d4 $16 Nce4 11. Bf4) 10... Bf5 (10... d4 $1 $17 {[%cal Rd4c3]} 11. Nb5 Bd7) 11. Nf3 (11. d4 $11 Nce4 12. Nf3) 11... e6 (11... Nfe4 $1 $15 12. Nb5 Bd7) 12. d4 $2 {[%mdl 8192]} (12. Nb5 $1 $11 {and White has nothing to worry.}) 12... Nce4 $2 (12... Ra8 $19 13. Qxc5 Bxc5 14. dxc5 Qa5) 13. Qa4+ Qd7 (13... Nd7 {keeps more tension.} 14. Nxe4 Bxe4 15. Bg5 f6 16. Bd2 Rb8) 14. Qxd7+ Nxd7 15. Ne5 (15. Nxe4 $1 $14 Bxe4 16. O-O) 15... Nxe5 $15 16. dxe5 Nxc3 17. bxc3 Rxc3 18. Bd2 Rc2 {And now ...Ba3 would win.} 19. Rb1 (19. a4 $15) 19... Rc8 (19... Rxa2 $17 20. e4 dxe4) 20. Rb2 Ba3 21. Rb3 Bc1 22. Bc3 O-O (22... Bg5 $5 {[%cal Rf5c2]} 23. Bb2 O-O $17) 23. O-O Bg5 24. e3 (24. Bb4 $15) 24... Bd3 (24... Bc2 $17 25. Ra3 Be7) 25. Re1 Bc4 26. Rb4 Ra8 (26... Bxa2 $17 27. Bd4 Rb8 28. Rxb8 Rxb8) 27. a4 Be7 {[#]} (27... Rfc8 $11) 28. Rb7 ({White should try} 28. Rxc4 $1 $14 {[%mdl 512]} dxc4 29. Bxa8 Rxa8 30. a5) 28... Ba3 29. a5 Bc5 (29... Rfc8 $11 {keeps the balance.}) 30. Ra1 (30. Bf1 $16) 30... Rfc8 31. Rd7 ({White should play} 31. Bf1 $16) 31... Bb5 $36 {[%mdl 2048] Black has the initiative.} 32. Be1 $2 {[%mdl 8192]} (32. Rb7 $11 Ba6 33. Rb3) 32... Bxd7 $19 33. Bf1 Bc6 34. a6 Ba7 35. Bb4 Rab8 36. Bd6 Rb6 37. Bc5 Bb5 $2 (37... Ba8 $19 38. Bxb6 Bxb6) 38. Bxb6 $14 Bxb6 39. Bxb5 Ra8 40. a7 (40. Rc1 $16) 40... Rxa7 {Accuracy: White = 33%, Black = 45%.} 0-1

[Event "Stay Safe Play From Home 305"]
[Site "Emanuel Lasker Arena"]
[Date "2020.07.15"]
[Round "3"]
[White "Klasman"]
[Black "Buzaglo"]
[Result "0-1"]
[WhiteElo "1303"]
[BlackElo "1866"]
[Annotator "NA RC"]
[PlyCount "50"]
[EventDate "2020.07.15"]
[EventType "swiss (blitz)"]

1. f4 {[%emt 0:00:04]} e6 {[%emt 0:00:00]} 2. e4 {[%emt 0:00:01]} d5 {[%emt 0:00:00]} 3. e5 {[%emt 0:00:01]} c5 {[%emt 0:00:01]} 4. Nf3 {[%emt 0:00:01]} Nc6 {[%emt 0:00:00]} 5. Bb5 {[%emt 0:00:01]} f6 {[%emt 0:00:01]} 6. d4 {[%emt 0:00:01]} cxd4 {[%emt 0:00:01]} 7. Nxd4 {[%emt 0:00:01]} Bd7 {[%emt 0:00:00]} 8. O-O {[%emt 0:00:04]} Nxd4 {[%emt 0:00:01]} 9. Bxd7+ {[%emt 0:00:02]} Qxd7 {[%emt 0:00:01]} 10. Qxd4 {[%emt 0:00:01]} fxe5 {[%emt 0:00:01]} 11. Qxe5 {[%emt 0:00:05]} Nf6 {[%emt 0:00:04]} 12. Be3 {[%emt 0:00:02]} Bd6 {[%emt 0:00:01]} 13. Qg5 {[%emt 0:00:05]} O-O {[%emt 0:00:01]} 14. Nc3 {[%emt 0:00:02]} Ne4 {[%emt 0:00:03]} 15. Nxe4 {[%emt 0:00:02]} dxe4 {[%emt 0:00:00]} 16. Rad1 {[%emt 0:00:02]} Qe7 {[%emt 0:00:02]} 17. Rxd6 {[%emt 0:00:04]} Qxd6 {[%emt 0:00:03]} 18. f5 {[%emt 0:00:02]} Rxf5 {[%emt 0:00:06]} 19. Rxf5 {[%emt 0:00:03]} exf5 {[%emt 0:00:00]} 20. Qxf5 {[%emt 0:00:01]} Qd1+ {[%emt 0:00:01]} 21. Kf2 {[%emt 0:00:02]} Qxc2+ {[%emt 0:00:01]} 22. Kg3 {[%emt 0:00:02]} Rf8 {[%emt 0:00:05]} 23. Qe6+ {[%emt 0:00:01]} Kh8 {[%emt 0:00:02]} 24. Bd4 {[%emt 0:00:01]} Qd3+ {[%emt 0:00:03]} 25. Kg4 {[%emt 0:00:05]} Qxd4 {[%emt 0:00:01] Time (Lag: Av=0.60s, max=1.0s)} 0-1

[Event "Stay Safe Play From Home 305"]
[Site "Emanuel Lasker Arena"]
[Date "2020.07.15"]
[Round "4"]
[White "Broken sword"]
[Black "Weltszmerc"]
[Result "1-0"]
[WhiteElo "2434"]
[BlackElo "2127"]
[Annotator "TA"]
[PlyCount "87"]
[EventDate "2020.07.15"]
[EventType "swiss (blitz)"]

{[%evp 9,86,57,47,37,40,31,32,12,12,0,35,0,710,709,714,668,678,650,689,667,685,684,707,706,705,705,714,696,700,689,861,864,874,887,874,877,998,1012,961,953,1559,1538,1360,1185,1393,1220,1906,1861,29997,1353,29999,1929,2302,2286,2221,2221,6108,2312,1612,2811,2377,2095,29977,29979,29990,29980,29990,29991,29994,29992,29995,29994,29994,29995,29995,29996,29997,29997,29999]} 1. e4 Nf6 2. e5 Nd5 3. d4 Nb6 4. Nf3 d6 5. exd6 cxd6 6. h3 {B04: Alekhine's Defence: 4 Nf3.} g6 {[#]} 7. c3 $146 ({Predecessor:} 7. Be2 Bg7 8. O-O O-O 9. c4 Nc6 10. Nc3 Bf5 11. Be3 h6 12. Qd2 Kh7 13. Rfe1 Rc8 14. b3 e5 15. d5 Nb4 16. Rac1 Nd7 17. a3 Na6 18. b4 Nc7 19. g4 a6 20. gxf5 gxf5 21. Qc2 e4 22. Nd4 Qf6 23. Bf1 Ne5 {1-0 (23) Rios Parra,A (2230)-Gomez,S (1932) Cartagena 2019}) 7... Bg7 8. Be2 {White is slightly better.} O-O 9. O-O Nc6 10. Bg5 e5 $2 {[%mdl 8192] [#]} (10... h6 $11 11. Be3 e5) 11. Bxd8 $18 Rxd8 12. dxe5 dxe5 13. Qe1 Be6 14. Nbd2 f6 15. Bb5 Na5 16. Qe2 a6 17. Bd3 Nd5 18. Bc2 Nf4 19. Qe1 Nc4 20. Nxc4 Bxc4 21. Bb3 Bxb3 22. axb3 Kh8 23. Qe4 Rd7 24. Rfd1 Rad8 25. Rxd7 Rxd7 26. b4 f5 27. Qe3 Nd5 28. Qc5 {[#] Qc8+ would kill now.} e4 29. Nd4 (29. Qc8+ $142 Rd8 30. Qxd8+ {[%mdl 64] Double Attack} Bf8 31. Qxf8#) 29... Bf6 30. b5 (30. Qf8# $142) 30... Kg7 31. bxa6 bxa6 32. Rxa6 Nf4 33. Ra7 Rxa7 34. Qxa7+ Kh6 35. Kh2 Bxd4 36. cxd4 {White mates.} Ne2 37. Qc5 f4 38. d5 f3 39. g3 Nc1 40. Qxc1+ g5 41. d6 Kh5 42. d7 h6 43. d8=Q {[%cal Rd8e8]} e3 44. Qe8# {Black did not feel at home in the position after the opening. Accuracy: White = 84%, Black = 68%.} 1-0

[Event "Stay Safe Play From Home 305"]
[Site "Emanuel Lasker Arena"]
[Date "2020.07.15"]
[Round "4"]
[White "Lazieri3"]
[Black "NTBT_DHS"]
[Result "0-1"]
[WhiteElo "2105"]
[BlackElo "2518"]
[Annotator "TA"]
[PlyCount "80"]
[EventDate "2020.07.15"]
[EventType "swiss (blitz)"]

{[%evp 11,80,32,39,37,60,-26,97,29,93,93,85,-14,311,210,201,116,124,-102,-84,-101,-101,-555,-509,-1045,-1041,-1029,-1029,-1024,-1010,-1204,-1179,-1246,-1234,-1546,-1457,-2607,-2545,-2744,-2280,-6700,-6027,-6411,-6307,-5397,-5341,-2679,-29976,-29976,-10089,-29982,-29983,-29987,-29988,-29988,-29988,-29989,-29990,-29990,-29991,-29993,-29994,-29994,-29995,-29995,-29996,-29996,-29997,-29997,-29998,-29998,-29999]} 1. e4 g6 2. Nc3 Bg7 3. Nf3 d6 4. d4 Nf6 5. Be3 O-O 6. Qd2 a6 7. Bh6 {B08: Pirc Defence: Classical System.} b5 8. h4 {[#]} ({White should play} 8. Bxg7 $14 Kxg7 9. Bd3) 8... Bg4 $146 (8... b4 $1 $11 9. Nd5 {[%mdl 64] Discovered Attack} Nxe4) ({Predecessor:} 8... b4 9. Ne2 Nxe4 10. Qe3 Nf6 11. Bxg7 Kxg7 12. h5 Ng4 13. Qd2 h6 14. d5 c5 {0-1 (61) Tomasi,A (2302)-Lalith,B (2529) Paris 2018}) 9. Be2 (9. Bxg7 $16 Kxg7 10. e5 dxe5 11. Nxe5) 9... b4 {[#]} (9... Nc6 $1 $11 {remains equal.}) 10. Nd5 $1 $16 Nxe4 11. Qe3 (11. Qf4 $16 {Bxg7 is the strong threat.} e6 12. Bxg7 (12. Qxe4 exd5 13. Qxd5 Nd7 $15) (12. Nxb4 Nf6 $11) 12... Kxg7 13. Ne3 (13. Qxe4 Bf5 $11) (13. Nxb4 Nf6 $11) 13... Bxf3 14. Bxf3) 11... f5 $2 {[%mdl 8192]} (11... Nf6 $11 {and Black is okay.} 12. Bxg7 (12. Nxe7+ Kh8 $17) (12. Nxb4 Qe8 $11) 12... Kxg7 13. Nxb4 a5) 12. h5 ({Weaker is} 12. Nxb4 Bxh6 13. Qxh6 e6 $14) 12... e6 13. hxg6 ({Stronger than} 13. Nxb4 Bxh5 14. Bxg7 Kxg7 $11) (13. Bxg7 $18 {And now hxg6 would win.} exd5 14. Bxf8 Qxf8 15. hxg6 hxg6 16. Ng5 Bxe2 17. Nxe4) 13... exd5 {[#]} 14. gxh7+ $2 (14. Bxg7 $1 $16 {is necessary to keep the advantage. Qh6 would kill now.} f4 15. Qb3 {[%mdl 64] Double Attack} Kxg7 16. Qxd5 {[%mdl 64] Double Attack}) 14... Kh8 $17 {aiming for ...Qf6.} 15. Bxg7+ Kxg7 16. Ng5 $2 {[%mdl 8192]} (16. Qh6+ $17 {nothing else works.} Kh8 17. Nh4) 16... Qxg5 17. Bxg4 (17. Qxg5+ $142 Nxg5 18. f3) 17... Qxe3+ $19 18. fxe3 fxg4 19. O-O-O Nd7 20. Rdf1 Rxf1+ 21. Rxf1 Ndf6 22. Rf4 Kxh7 23. c3 bxc3 24. bxc3 Kg6 25. Kc2 Rh8 26. Rf1 Rh2 27. Rg1 g3 28. Kd3 Ng4 29. c4 c6 30. cxd5 cxd5 {Black mates.} 31. a4 a5 32. Ke2 Kg5 33. Kf3 Nh6 34. Rb1 Nf5 35. Rb8 Nh4+ {[%mdl 64] Double Attack} 36. Ke2 Rxg2+ 37. Kd1 Rd2+ 38. Kc1 g2 {[%cal Rg2g1]} 39. Rg8+ Ng6 40. Rxg6+ Kxg6 {Accuracy: White = 20%, Black = 54%.} 0-1

[Event "Stay Safe Play From Home 305"]
[Site "Emanuel Lasker Arena"]
[Date "2020.07.15"]
[Round "4"]
[White "Lamborghini"]
[Black "Bardellosport"]
[Result "1-0"]
[WhiteElo "2091"]
[BlackElo "2046"]
[Annotator "TA"]
[PlyCount "79"]
[EventDate "2020.07.15"]
[EventType "swiss (blitz)"]

{[%evp 9,78,43,63,9,77,56,87,62,54,65,70,60,73,75,99,78,99,41,602,609,585,590,619,625,737,531,588,537,757,802,788,777,783,765,759,684,817,790,899,890,878,866,854,809,891,884,891,720,760,756,713,727,816,839,905,891,1194,1129,2996,2735,29988,29989,29992,29993,29994,29995,29996,29996,29997,29997,29999]} 1. e4 a6 2. d4 e6 3. Nc3 b5 4. Nf3 Bb7 5. Bd3 Nf6 6. O-O {C01: French: Exchange Variation.} ({Better is} 6. e5 $14 Nd5 7. Nxd5 Bxd5 8. O-O) 6... Be7 (6... b4 $11 {remains equal.} 7. e5 bxc3 8. exf6 Qxf6) 7. Re1 {[#]} d5 $146 ({Predecessor:} 7... O-O 8. Bf4 c5 9. e5 Nd5 10. Nxd5 Bxd5 11. dxc5 Bxc5 12. Bxh7+ Kh8 13. Ng5 g6 14. Qg4 Kg7 15. Qh3 Rh8 16. Nxe6+ fxe6 17. Qh6+ Kf7 18. Qxg6+ {1-0 (18) Gomgar,J (1529)-Verich,O (1105) LSS email 2011}) 8. e5 {White is better.} Nfd7 9. Ne2 c5 {And now ...c4 would win.} 10. c3 c4 11. Bc2 a5 12. Ng3 a4 13. Nh5 (13. h4 $16) 13... Qb6 $2 {[%mdl 8192] Black cannot hold the game after this.} (13... g6 $14) 14. Nxg7+ $18 Kd8 15. Ng5 Rg8 16. Nxf7+ Kc7 17. Nh5 Nc6 18. Nf4 Raf8 19. Nxe6+ {[%mdl 64] Double Attack} Kb8 20. Nxf8 Rxf8 21. Ng5 Rg8 22. f4 Bxg5 23. fxg5 Ne7 24. e6 Nf8 25. Bf4+ Ka7 26. Qe2 Nfg6 27. Bg3 Re8 28. Bxg6 Nxg6 29. Rad1 Bc8 30. Qf3 Qc6 31. b3 cxb3 32. axb3 a3 {[#]} 33. c4 $1 bxc4 34. bxc4 Qxc4 35. Qxa3+ {White mates.} Qa6 36. Qc5+ Ka8 {[#]} 37. Ra1 $1 Bb7 38. Rxa6+ Bxa6 {[#]} 39. Qc6+ $1 Bb7 40. Ra1# {Accuracy: White = 74%, Black = 41%.} 1-0

[Event "Stay Safe Play From Home 305"]
[Site "Emanuel Lasker Arena"]
[Date "2020.07.15"]
[Round "4"]
[White "Scorpio New"]
[Black "TheCHESSHOUSE"]
[Result "1/2-1/2"]
[WhiteElo "2090"]
[BlackElo "2036"]
[Annotator "TA"]
[PlyCount "123"]
[EventDate "2020.07.15"]
[EventType "swiss (blitz)"]

{[%evp 9,123,-15,-13,-21,-16,-16,-23,-22,0,0,-7,-7,19,-8,0,0,3,-63,-18,-21,-29,-50,-64,-50,0,-69,-69,-68,-61,-127,-98,-76,109,75,84,75,366,373,860,77,81,36,41,33,54,25,24,20,36,26,24,0,0,0,0,-17,0,0,0,0,0,0,0,0,0,0,0,0,519,509,487,466,640,596,591,588,1196,8,591,353,6452,11253,12451,6777,4610,30,30,0,30,0,0,0,0,0,0,0,0,0,0,0,0,0,0,0,0,0,0,0,0,0,0,0,0,0,0,0]} 1. d3 Nf6 2. Nd2 g6 3. c3 Bg7 4. Qc2 d6 5. e4 O-O {[#]} 6. Ngf3 $146 {A00: Irregular Openings.} ({Predecessor:} 6. g3 c5 7. Bg2 Nbd7 8. Ngf3 b6 9. e5 Nd5 10. O-O Bb7 11. e6 fxe6 12. Ng5 {0-1 (36) Kettler,L (1454)-Groeger,M (1402) Augsburg 2013}) 6... c5 7. g3 Nc6 8. Bg2 {Black has an edge.} Bd7 9. a4 a6 10. O-O b5 11. axb5 axb5 12. Rxa8 Qxa8 13. d4 (13. e5 $11 Nd5 14. exd6) 13... Qa7 {[%cal Rc5d4]} 14. d5 Na5 15. Qd3 c4 16. Qe2 Rb8 17. e5 (17. Nd4 $11) 17... Nxd5 $15 18. exd6 $1 exd6 19. Ne4 (19. Nd4 $15 Nf6 20. Re1) 19... Qc7 20. Rd1 Be6 $2 (20... Nb3 $17 {and life is bright. And now ...Bc6 would win.} 21. Bg5 Bc6) 21. Nfg5 Nb3 22. Nxe6 fxe6 $4 {[%mdl 8192]} (22... Nxc1 $16 23. Rxc1 fxe6) 23. Ng5 $18 Nxc1 $2 (23... Qd7 24. Bh3 (24. Nxe6 Nxc1 25. Rxc1 Nf6 $16) (24. Qxe6+ Qxe6 25. Nxe6 Nxc1 $16) 24... Nc7) 24. Rxc1 $2 (24. Qxe6+ $18 {and the rest is easy.} Kh8 25. Nf7+ (25. Rxc1 Nf6 $16) 25... Qxf7 26. Qxf7 Ne2+ 27. Kh1) 24... Qe7 $16 25. Qxe6+ (25. Bxd5 {feels hotter.} Qxg5 26. Qxe6+ Kh8 27. Re1 Rf8 28. Kg2) 25... Qxe6 26. Nxe6 Nf6 27. Nxg7 Kxg7 $14 {[%mdl 4096] Endgame KRB-KRN} 28. Rd1 Rd8 29. f4 d5 30. Rd4 Kf7 31. Kf2 Ke6 32. h3 Rb8 33. Rd2 h5 34. Ke3 Kd6 35. Bf3 Kc5 36. g4 hxg4 37. hxg4 b4 38. g5 Ne4 $2 {[%mdl 8192]} (38... bxc3 $11 {and Black is okay.} 39. bxc3 Re8+ 40. Kf2 Ne4+ 41. Bxe4 Rxe4) 39. Bxe4 $18 dxe4 40. Kxe4 bxc3 41. bxc3 {KR-KR} Re8+ 42. Kf3 Re6 {[#]} 43. Rd4 $2 (43. f5 $1 $18 {[%mdl 512]} gxf5 44. Rg2) 43... Kb5 $2 {[%mdl 8192]} (43... Re1 $11) 44. Kg4 Rc6 $2 (44... Kc5 45. f5 gxf5+ 46. Kxf5 Re3) 45. f5 gxf5+ 46. Kxf5 Ka4 47. g6 $2 (47. Rg4 $18 Kb3 48. Rg3) 47... Kb3 $11 48. g7 Rc8 49. Re4 {[#] Strongly threatening Re3.} Kxc3 {The position is equal.} 50. Re3+ Kc2 51. Re7 {Black must now prevent Rc7.} c3 52. Re2+ Kb1 53. Re7 c2 54. Re1+ $1 c1=Q 55. Rxc1+ Kxc1 {KR-KP} 56. Kf6 Kd2 57. Kf7 Rc7+ 58. Kg6 Rc8 59. Kh7 Rc7 60. Kh8 Rc8+ 61. g8=Q Rxg8+ 62. Kxg8 {Black escapes into a draw. Accuracy: White = 69%, Black = 53%.} 1/2-1/2

[Event "Stay Safe Play From Home 305"]
[Site "Emanuel Lasker Arena"]
[Date "2020.07.15"]
[Round "4"]
[White "Fischer_11"]
[Black "Tolka"]
[Result "0-1"]
[WhiteElo "2006"]
[BlackElo "2331"]
[Annotator "NA RC"]
[PlyCount "106"]
[EventDate "2020.07.15"]
[EventType "swiss (blitz)"]

1. e4 {[%emt 0:00:01]} e5 {[%emt 0:00:01]} 2. Nc3 {[%emt 0:00:01]} Nf6 {[%emt 0:00:01]} 3. Bc4 {[%emt 0:00:00]} Nc6 {[%emt 0:00:01]} 4. d3 {[%emt 0:00:01]} Na5 {[%emt 0:00:00]} 5. Bb5 {[%emt 0:00:01]} a6 {[%emt 0:00:01]} 6. Ba4 {[%emt 0:00:00]} b5 {[%emt 0:00:00]} 7. Bb3 {[%emt 0:00:00]} Nxb3 {[%emt 0:00:00]} 8. axb3 {[%emt 0:00:00]} Be7 {[%emt 0:00:00]} 9. f4 {[%emt 0:00:00]} exf4 {[%emt 0:00:02]} 10. Bxf4 {[%emt 0:00:00]} Rb8 {[%emt 0:00:01]} 11. Nf3 {[%emt 0:00:00]} O-O {[%emt 0:00:00]} 12. O-O {[%emt 0:00:01]} d5 {[%emt 0:00:00]} 13. e5 {[%emt 0:00:01]} Nh5 {[%emt 0:00:04]} 14. Bd2 {[%emt 0:00:05]} d4 {[%emt 0:00:00]} 15. Ne4 {[%emt 0:00:02]} f5 {[%emt 0:00:02]} 16. exf6 {[%emt 0:00:01]} Nxf6 {[%emt 0:00:01]} 17. Qe2 {[%emt 0:00:03]} Nxe4 {[%emt 0:00:01]} 18. Qxe4 {[%emt 0:00:01]} Bf6 {[%emt 0:00:01]} 19. h4 {[%emt 0:00:08]} Bb7 {[%emt 0:00:01]} 20. Qg4 {[%emt 0:00:03]} Qd5 {[%emt 0:00:02]} 21. Ng5 {[%emt 0:00:03]} Bxg5 {[%emt 0:00:01]} 22. hxg5 {[%emt 0:00:00]} Rbe8 {[%emt 0:00:02]} 23. Rxf8+ {[%emt 0:00:02]} Rxf8 {[%emt 0:00:00]} 24. Rf1 {[%emt 0:00:01]} Rxf1+ {[%emt 0:00:03]} 25. Kxf1 {[%emt 0:00:00]} Qf7+ {[%emt 0:00:01]} 26. Ke2 {[%emt 0:00:02]} Qe8+ {[%emt 0:00:01]} 27. Kf2 {[%emt 0:00:02]} c5 {[%emt 0:00:00]} 28. Qf4 {[%emt 0:00:05]} Qc6 {[%emt 0:00:01]} 29. Qe4 {[%emt 0:00:01]} Qxe4 {[%emt 0:00:01]} 30. dxe4 {[%emt 0:00:00]} Bxe4 {[%emt 0:00:01]} 31. c3 {[%emt 0:00:01]} dxc3 {[%emt 0:00:01]} 32. bxc3 {[%emt 0:00:00]} Bc2 {[%emt 0:00:01]} 33. c4 {[%emt 0:00:00]} Bxb3 {[%emt 0:00:01]} 34. cxb5 {[%emt 0:00:00]} axb5 {[%emt 0:00:00]} 35. Ke3 {[%emt 0:00:01]} Bd5 {[%emt 0:00:01]} 36. Kf4 {[%emt 0:00:00]} b4 {[%emt 0:00:01]} 37. g3 {[%emt 0:00:00]} c4 {[%emt 0:00:01]} 38. Ke5 {[%emt 0:00:00]} c3 {[%emt 0:00:01]} 39. Kd4 {[%emt 0:00:00]} cxd2 {[%emt 0:00:01]} 40. Kxd5 {[%emt 0:00:01]} d1=Q+ {[%emt 0:00:00]} 41. Ke4 {[%emt 0:00:00]} Qh5 {[%emt 0:00:00]} 42. Kf5 {[%emt 0:00:00]} Qg6+ {[%emt 0:00:00]} 43. Kf4 {[%emt 0:00:01]} b3 {[%emt 0:00:00]} 44. Kg4 {[%emt 0:00:00]} b2 {[%emt 0:00:01]} 45. Kh4 {[%emt 0:00:00]} b1=Q {[%emt 0:00:00]} 46. g4 {[%emt 0:00:00]} Qh1+ {[%emt 0:00:01]} 47. Kg3 {[%emt 0:00:00]} Qxg5 {[%emt 0:00:01]} 48. Kf2 {[%emt 0:00:02]} Qhh4+ {[%emt 0:00:00]} 49. Kg2 {[%emt 0:00:01]} Qgxg4+ {[%emt 0:00:00]} 50. Kf1 {[%emt 0:00:01]} Qgh3+ {[%emt 0:00:00]} 51. Ke2 {[%emt 0:00:00]} Q4g3 {[%emt 0:00:01]} 52. Kd1 {[%emt 0:00:00]} Qhh2 {[%emt 0:00:00]} 53. Kc1 {[%emt 0:00:01]} Qgg1# {[%emt 0:00:00] (Lag: Av=0.21s, max=0.6s)} 0-1